[Event "Varna op 7th"]
[Site "Varna"]
[Date "2013.06.22"]
[Round "4"]
[White "Petkov, Hristo"]
[Black "Sagar, Shah"]
[Result "1/2-1/2"]
[WhiteElo "2054"]
[BlackElo "2359"]
[PlyCount "51"]
[EventDate "2013.06.19"]
[EventType "swiss"]
[EventRounds "9"]
[EventCountry "BUL"]
[SourceTitle "CBM 155 Extra"]
[Source "ChessBase"]
[SourceDate "2013.08.26"]
[SourceVersion "1"]
[SourceVersionDate "2013.08.26"]
[SourceQuality "1"]

1. e4 c5 2. Nf3 e6 3. d4 cxd4 4. Nxd4 Nc6 5. Nb5 d6 6. c4 Nf6 7. N1c3 a6 8. Na3 b6 9. Be2 Bb7 10. 0-0 Be7 11. Be3 Ne5 12. f3 0-0 13. Nab1 Rc8 14. Nd2 Re8 15. Re1 Qc7 16. Rc1 Ned7 17. a3 Qb8 18. b4 d5 19. cxd5 exd5 20. Bf2 Bd6 21. g3 dxe4 22. Ncxe4 Rxc1 23. Qxc1 Nxe4 24. Nxe4 Bxe4 25. fxe4 b5 26. Qc6 1/2-1/2

[Event "Dimitrovgrad op 1st"]
[Site "Dimitrovgrad"]
[Date "2009.09.06"]
[Round "5"]
[White "Ilijev, Mitko"]
[Black "Petkov, Hristo"]
[Result "1-0"]
[WhiteElo "2241"]
[BlackElo "2097"]
[PlyCount "65"]
[EventDate "2009.09.05"]
[EventType "swiss"]
[EventRounds "7"]
[EventCountry "BUL"]
[SourceTitle "CBM 132 Extra"]
[Source "ChessBase"]
[SourceDate "2009.11.03"]
[SourceVersion "1"]
[SourceVersionDate "2009.11.03"]
[SourceQuality "1"]

1. Nf3 Nf6 2. c4 g6 3. Nc3 Bg7 4. e4 d6 5. d4 0-0 6. Be2 e5 7. dxe5 dxe5 8. Qxd8 Rxd8 9. Bg5 Re8 10. 0-0-0 c6 11. Nxe5 Nxe4 12. Nxe4 Bxe5 13. Rhe1 f5 14. Nd6 Bxd6 15. Rxd6 Na6 16. c5 Kg7 17. Be3 Nc7 18. Bc4 Be6 19. Bxe6 Nxe6 20. Rd7+ Kg8 21. Red1 f4 22. Bd4 Rad8 23. Bc3 Rxd7 24. Rxd7 Nxc5 25. Rg7+ Kf8 26. Rxh7 Nd3+ 27. Kd2 Nxf2 28. Bd4 Ne4+ 29. Kd3 Ng5 30. Rxb7 Ne6 31. Bxa7 Rd8+ 32. Ke4 Rd5 33. b4 1-0

[Event "Teteven op 24th"]
[Site "Teteven"]
[Date "2009.08.20"]
[Round "8"]
[White "Petkov, Hristo"]
[Black "Bochev, Krasimir"]
[Result "1/2-1/2"]
[WhiteElo "2086"]
[BlackElo "2113"]
[PlyCount "78"]
[EventDate "2009.08.15"]
[EventType "swiss"]
[EventRounds "9"]
[EventCountry "BUL"]
[SourceTitle "CBM 131 Extra"]
[Source "ChessBase"]
[SourceDate "2009.09.03"]
[SourceVersion "2"]
[SourceVersionDate "2009.09.16"]
[SourceQuality "1"]

1. e4 c5 2. Nf3 g6 3. d4 Bg7 4. Nc3 cxd4 5. Nxd4 Nc6 6. Be3 Nf6 7. Bc4 Qa5 8. 0-0 0-0 9. Bb3 d6 10. f3 Bd7 11. Qd2 Rfc8 12. Rfd1 Ne5 13. Nd5 Qd8 14. Rac1 b5 15. Bg5 Nxd5 16. Bxd5 Nc4 17. Bxc4 Rxc4 18. Be3 Rac8 19. c3 Qc7 20. a3 a5 21. Ne2 Qb7 22. Bd4 R8c7 23. Bxg7 Kxg7 24. Qe3 R4c5 25. Nf4 Rc8 26. h4 h5 27. Rd5 Rxd5 28. exd5 Bf5 29. Re1 Rc4 30. b3 Rc7 31. Kh2 Qa7 32. Qd2 Qc5 33. Re3 Kg8 34. Qe1 Qxa3 35. Rxe7 Rxe7 36. Qxe7 a4 37. Ne6 fxe6 38. dxe6 Bxe6 39. Qxe6+ Kg7 1/2-1/2

[Event "Varna op 3rd"]
[Site "Varna"]
[Date "2009.06.14"]
[Round "3"]
[White "Danilov, Vladimir"]
[Black "Petkov, Hristo"]
[Result "1/2-1/2"]
[WhiteElo "2410"]
[BlackElo "2086"]
[PlyCount "90"]
[EventDate "2009.06.12"]
[EventType "swiss"]
[EventRounds "9"]
[EventCountry "BUL"]
[SourceTitle "CBM 130 Extra"]
[Source "ChessBase"]
[SourceDate "2009.07.02"]
[SourceVersion "2"]
[SourceVersionDate "2009.07.15"]
[SourceQuality "1"]

1. d4 Nf6 2. c4 g6 3. g3 Bg7 4. Bg2 0-0 5. Nc3 d6 6. Nf3 Nc6 7. 0-0 e5 8. dxe5 dxe5 9. Bg5 Qxd1 10. Rfxd1 h6 11. Bxf6 Bxf6 12. Nd2 Be6 13. Nde4 Be7 14. Nd5 Bxd5 15. cxd5 Nd4 16. e3 Nb5 17. Rac1 Bd8 18. d6 cxd6 19. Nxd6 Nxd6 20. Rxd6 Rb8 21. Rd7 Bb6 22. Bxb7 Rfd8 23. Rxd8+ Rxd8 24. Rc2 Kf8 25. Kf1 Ke7 26. Ke2 Rd7 27. Ba8 Rc7 28. Rxc7+ Bxc7 29. Kd3 f5 30. Kc4 f4 31. Kd5 g5 32. g4 Bb6 33. exf4 exf4 34. f3 Kd7 35. Ke5 Bf2 36. Kf5 a5 37. Kg6 Kd6 38. Kxh6 Bh4 39. Kg6 Kc5 40. Kf5 Kb6 41. Be4 Kc5 42. Bc2 Kb6 43. Ke4 Kc5 44. Kd3 Bf2 45. Ke2 Bd4 1/2-1/2

[Event "Plovdiv Tringov Memorial"]
[Site "Plovdiv"]
[Date "2009.02.02"]
[Round "2"]
[White "Chatalbashev, Boris"]
[Black "Petkov, Hristo"]
[Result "1-0"]
[WhiteElo "2560"]
[BlackElo "2098"]
[PlyCount "81"]
[EventDate "2009.02.01"]
[EventType "swiss"]
[EventRounds "9"]
[EventCountry "BUL"]
[SourceTitle "CBM 128 Extra"]
[Source "ChessBase"]
[SourceDate "2009.03.05"]
[SourceVersion "2"]
[SourceVersionDate "2009.03.25"]
[SourceQuality "1"]

1. c4 e5 2. g3 Nc6 3. Bg2 d6 4. Nc3 g6 5. e3 Bg7 6. Nge2 f5 7. 0-0 Nf6 8. d3 0-0 9. Rb1 a5 10. a3 Be6 11. Nd5 Qd7 12. b4 axb4 13. axb4 Kh8 14. b5 Nd8 15. Bb2 g5 16. Nxf6 Bxf6 17. f4 Qg7 18. Ra1 Rxa1 19. Qxa1 gxf4 20. exf4 e4 21. Bxf6 Qxf6 22. Qxf6+ Rxf6 23. Nc3 exd3 24. Nd5 Rf8 25. Rd1 Bxd5 26. cxd5 Kg7 27. Rxd3 Re8 28. Kf2 Re7 29. Ra3 b6 30. Bh3 Kf6 31. Ra8 Nf7 32. Bf1 Re4 33. Rc8 Re7 34. Bd3 Nh6 35. h3 Nf7 36. g4 fxg4 37. hxg4 h6 38. Rg8 Rd7 39. Bf5 Rd8 40. Rg6+ Ke7 41. Be6 1-0

[Event "Plovdiv Tringov Memorial"]
[Site "Plovdiv"]
[Date "2007.02.06"]
[Round "2"]
[White "Dochev, Dimitar"]
[Black "Petkov, Hristo"]
[Result "1-0"]
[WhiteElo "2388"]
[BlackElo "2171"]
[PlyCount "89"]
[EventDate "2007.02.05"]
[EventType "swiss"]
[EventRounds "9"]
[EventCountry "BUL"]
[SourceTitle "CBM 116 Extra"]
[Source "ChessBase"]
[SourceDate "2007.03.07"]
[SourceVersion "1"]
[SourceVersionDate "2007.03.07"]
[SourceQuality "1"]

1. e4 c5 2. Nf3 e6 3. d4 cxd4 4. Nxd4 Nf6 5. Nc3 d6 6. Be3 a6 7. f3 Be7 8. Qd2 0-0 9. g4 Nc6 10. 0-0-0 Qc7 11. h4 Nxd4 12. Qxd4 e5 13. Qd2 Be6 14. h5 d5 15. exd5 Rfd8 16. Qf2 Nxd5 17. Nxd5 Rxd5 18. Bd3 Bc5 19. Be4 Bxe3+ 20. Qxe3 Rxd1+ 21. Rxd1 Rf8 22. Qd3 h6 23. Kb1 Rb8 24. Qd6 Qxd6 25. Rxd6 Kf8 26. Rb6 Bc8 27. c4 Ke7 28. a4 Kd8 29. a5 Kc7 30. Kc2 Bd7 31. Kc3 Be6 32. b4 Bd7 33. Bd5 f6 34. Be4 Bc8 35. Kb3 Bd7 36. b5 axb5 37. cxb5 Bc8 38. Kb4 Bd7 39. Kc5 Bc8 40. Bd5 Bd7 41. a6 bxa6 42. Rxb8 Kxb8 43. bxa6 Ka7 44. Kd6 Bc8 45. Bc4 1-0

[Event "Plovdiv Tringov Memorial"]
[Site "Plovdiv"]
[Date "2004.02.22"]
[Round "9"]
[White "Manolov, Ivan"]
[Black "Petkov, Hristo"]
[Result "0-1"]
[WhiteElo "2250"]
[BlackElo "2134"]
[PlyCount "94"]
[EventDate "2004.02.16"]
[EventType "swiss"]
[EventRounds "9"]
[EventCountry "BUL"]
[SourceTitle "CBM 098 Extra"]
[Source "ChessBase"]
[SourceDate "2004.03.10"]
[SourceVersion "2"]
[SourceVersionDate "2004.03.10"]
[SourceQuality "1"]

1. e4 c5 2. Nf3 e6 3. d4 cxd4 4. Nxd4 Nf6 5. Nc3 d6 6. g3 a6 7. Bg2 Qc7 8. 0-0 Be7 9. a4 Nc6 10. Nb3 b6 11. f4 Bb7 12. Qe2 0-0 13. g4 Nd7 14. g5 Rfe8 15. Be3 Bf8 16. Rad1 Nb4 17. Qf2 Nc5 18. Kh1 Rad8 19. Rfe1 d5 20. a5 Nxe4 21. Nxe4 dxe4 22. Rxd8 Qxd8 23. Bxb6 Qc8 24. Re2 Qc4 25. Nd2 Qxc2 26. Nxe4 Qc1+ 27. Re1 Qc8 28. Rg1 Kh8 29. Rf1 Qa8 30. Qe2 Rc8 31. Nc3 Bxg2+ 32. Qxg2 Qxg2+ 33. Kxg2 Nd3 34. Nd1 Rc2+ 35. Kg3 h6 36. gxh6 Nxb2 37. Nxb2 Rxb2 38. Rd1 Kh7 39. Rd8 Be7 40. Rd7 Bf6 41. Rxf7 Rb3+ 42. Kg2 Kxh6 43. Ra7 Kg6 44. Rxa6 Kf5 45. Bf2 Rb2 46. Rb6 Ra2 47. a6 Bd4 0-1